000
00266nam a2200121Ia 4500
008
190216s9999||||xx |||||||||||||| ||und||
100
_a
Kunchiraman Nair
245
0
_a
Kaliyachan
260
_b
Pk Brothers
_c
1954
300
_a
64
650
_a
Kavithkal
942
_c
BK
999
_c
27046
_d
27046